Stanley Kubrick. L'uomo dietro la leggenda: biografia (Record n. 93156)
[ formato base ]
| 000 -LEADER | |
|---|---|
| fixed length control field | 01889nam a2200289Ia 4500 |
| 001 - CONTROL NUMBER | |
| control field | F9113 |
| 003 - CONTROL NUMBER IDENTIFIER | |
| control field | IT-RoPAU |
| 008 - FIXED-LENGTH DATA ELEMENTS--GENERAL INFORMATION | |
| fixed length control field | 130308s9999 xx 000 0 und d |
| 040 ## - CATALOGING SOURCE | |
| Original cataloging agency | IT-RoPAU |
| 040 ## - CATALOGING SOURCE | |
| Transcribing agency | IT-RoPAU |
| 041 ## - LANGUAGE CODE | |
| Language code of text/sound track or separate title | ITALIANO |
| 100 ## - MAIN ENTRY--PERSONAL NAME | |
| Personal name | Lobrutto Vincent |
| 100 ## - MAIN ENTRY--PERSONAL NAME | |
| Miscellaneous information | Codice Aut. SPICS: 53191 |
| 245 ## - TITLE STATEMENT | |
| Title | Stanley Kubrick. L'uomo dietro la leggenda: biografia |
| 245 ## - TITLE STATEMENT | |
| Remainder of title | Stanley Kubrick. l'uomo Dietro la Leggenda: Biografia |
| 250 ## - EDITION STATEMENT | |
| Edition statement | 1a ed. |
| 260 ## - PUBLICATION, DISTRIBUTION, ETC. (IMPRINT) | |
| Place of publication, distribution, etc. | MILANO |
| 260 ## - PUBLICATION, DISTRIBUTION, ETC. (IMPRINT) | |
| Name of publisher, distributor, etc. | Il Castoro |
| 260 ## - PUBLICATION, DISTRIBUTION, ETC. (IMPRINT) | |
| Date of publication, distribution, etc. | 1999 [1° Ed.:1999 - Ed.Ling.Originale:1997] |
| 300 ## - PHYSICAL DESCRIPTION | |
| Extent | "576 p. (prefazione: no ; testo: 576 [pagine: 0-0])" |
| 500 ## - GENERAL NOTE | |
| General note | "Storia di un Ragazzo del Bronx che è Riuscito a Diventare una Stella. muore a Londra Il 7 Marzo 1999 a 70 Anni. Non Ha Visto Il Nuovo Secolo, che Pero' Aveva Visitato con Il suo Capolavoro ""2001: Odissea Nello Spazio"". al momento della Morte Aveva Appena Terminato Il suo XIII lungometraggio Eyes Wide Shut, Sui Limiti della Sessualità e le Emozioni che nascono Dall'Ossessione Erotica e Dalla Gelosia. Biografia Divisa in 6 Parti: 1928 1948: Il Bronx Dove nacque e Visse la Sua Giovinezza. 1948 1956: New York, Dove Fa Ilfotografo per la rivista look e Sogna di Fare Il Regista, Inizia con cortometraggi e I Primi Lungometraggi, regista di Guerriglia. 1956 1960: Hollywood: la Harris Kubrick. 1960 1964: Inghilterra. 1964 1987: Isolamento, solitudine ed Eremitaggio. parte Vi: Infinito. Filmografia, da Ricordare: Il Bacio dell'Assassino (1955), Rapina a Mano Armata (1956), Orizzonti di Gloria (1957), Spartacus (1960), Lolita (1962), Il dottor Stranamore (1964), 2001:Odissea Nello Spazio (1968), Arancia meccanica (1971), Barry Lyndon (1975), Shining (1980), Full Metal Jacket (1987)." |
| 650 ## - SUBJECT ADDED ENTRY--TOPICAL TERM | |
| Topical term or geographic name as entry element | AUTORI/OPERE DEL CINEMA |
| 650 ## - SUBJECT ADDED ENTRY--TOPICAL TERM | |
| Relator term | Codice materia Spics: 6807 |
| 942 ## - ADDED ENTRY ELEMENTS (KOHA) | |
| Koha item type | LIBRO |
| 957 ## - | |
| -- | 1 |
| 999 ## - SYSTEM CONTROL NUMBERS (KOHA) | |
| -- | 1 |
| Withdrawn status | Lost status | Damaged status | Not for loan | Home library | Current library | Date acquired | Total Checkouts | Full call number | Date last seen | Price effective from | Koha item type | Public note |
|---|---|---|---|---|---|---|---|---|---|---|---|---|
| Buone Condizioni | Not For Loan | SPICS-MEDIATECA | SPICS-MEDIATECA | 08/03/2013 | F9113 | 08/03/2013 | 08/03/2013 | LIBRO | Progressivo inserimento: 36251 / N. Volumi: 1 Copie: 1 / data import: 1 marzo 2013 - By Epidotti, Trombetti, Vaglietti. |